De la mano de nuestros(as) colegiados(as)
| Autor Corporativo: | |
|---|---|
| Formato: | Livro |
| Idioma: | espanhol |
| Publicado em: |
San José, Costa Rica. :
El Colegio,
2004
|
| Assuntos: |
MARC
| LEADER | 00000nam a2200000Ia 4500 | ||
|---|---|---|---|
| 008 | 170928b2004 cr ||||| |||| 00| | spa d | ||
| 999 | |c 1418 |d 1418 | ||
| 090 | |a 06.02.01 |b 657 | ||
| 110 | 2 | |a Colegio de Licenciados y Profesores en Letras, Filosofía, Ciencias y Artes |9 2816 | |
| 245 | 1 | 6 | |a De la mano de nuestros(as) colegiados(as) |
| 260 | |a San José, Costa Rica. : |b El Colegio, |c 2004 | ||
| 300 | |a 19 páginas | ||
| 650 | 1 | 4 | |a CALIDAD DE LA EDUCACIÓN |9 11 |
| 650 | 1 | 4 | |a ENSEÑANZA |9 14 |
| 942 | |i 001059 |h 06.02.01 657 |2 z |c 01 | ||
